01405nam a2200301 a 4500001001000000003000400010005001700014008004100031020001800072040003000090082002200120100002700142245004900169260004100218300002100259500005700280500007300337590002700410650002400437650002600461910001400487942001400501952014400515952013800659952014400797952014500941999001701086000020780OSt20230712140757.0100817s2015 dr 000 0 spa d a9789945588514 aDO-SdBNPbspacBNPHUerda 4aRD861.5bU42c2221 aUlloa, Andrés94355510aChrysanthemum :bpoemario /cAndrés Ulloa. aSanto Domingo :bRumbo Norte,c2015. a113 p. ;c23 cm. aIncluye datos biográficos del autor en las solapas aIncluye referencias bibliográficas y notas al pie de las páginas aInventariado, 2020/ YL 4aPoesía dominicana 4aLiteratura dominicana aYLockward 2ddccLBS1 00102ddc56708DSaBNPHUbBNPHUcHDd2016-02-25eDepósito legall0oBNPHU DS RD861.5 U42cp20780-30r2020-06-25te. 3w2020-06-25yLBS1 00102ddc51708PDaBNPHUbBNPHUcHDd2016-02-25eDepósito legall0oBNPHU PD RD861.5 U42cp20780-10r2020-06-25w2020-06-25yLBS1 00102ddc51708PDaBNPHUbBNPHUcHDd2016-02-25eDepósito legall0oBNPHU PD RD861.5 U42cp20780-20r2020-06-25te. 2w2020-06-25yLBS1 00102ddc56708DSaBNPHUbBNPHUcHDd2016-02-25eDonado por Autorl0oBNPHU DS RD861.5 U42cp2020-0480r2020-11-12te. 4w2020-06-25yLBS1 c20284d20284